No space for further burials / (Record no. 131017)

MARC details
000 -LEADER
fixed length control field 00715nam a22002417a 4500
003 - CONTROL NUMBER IDENTIFIER
control field dpl
005 - DATE AND TIME OF LATEST TRANSACTION
control field 20180728160254.0
008 - FIXED-LENGTH DATA ELEMENTS--GENERAL INFORMATION
fixed length control field 180728b xxu||||| |||| 00| 0 eng d
010 ## - LIBRARY OF CONGRESS CONTROL NUMBER
LC control number B-231342
020 ## - INTERNATIONAL STANDARD BOOK NUMBER
Terms of availability 250.00
International Standard Book Number 8188965316
035 ## - SYSTEM CONTROL NUMBER
System control number B-231342, B-231361
037 ## - SOURCE OF ACQUISITION
Source of stock number/acquisition Cen Lib/Ret
040 ## - CATALOGING SOURCE
Original cataloging agency DPL
Language of cataloging EN
Transcribing agency 0
082 ## - DEWEY DECIMAL CLASSIFICATION NUMBER
Classification number N
Item number GAU
100 ## - MAIN ENTRY--PERSONAL NAME
Personal name Guahar, Feryal Ali
9 (RLIN) 30588
245 ## - TITLE STATEMENT
Title No space for further burials /
Statement of responsibility, etc by Feryal Ali Gauhar
260 ## - PUBLICATION, DISTRIBUTION, ETC. (IMPRINT)
Name of publisher, distributor, etc Women unlimited
Place of publication, distribution, etc New Delhi
Date of publication, distribution, etc 2007
270 ## - ADDRESS
City New Delhi
Address K-36, Hauz khas enclave
Postal code 110016
300 ## - PHYSICAL DESCRIPTION
Extent 192p.
Dimensions 21cm(pbk)
650 ## - SUBJECT ADDED ENTRY--TOPICAL TERM
Topical term or geographic name as entry element Pakistani literature
9 (RLIN) 30589
650 ## - SUBJECT ADDED ENTRY--TOPICAL TERM
Topical term or geographic name as entry element Pakistani fiction (English)
9 (RLIN) 30590
942 ## - ADDED ENTRY ELEMENTS (KOHA)
Source of classification or shelving scheme Dewey Decimal Classification
Koha item type English Books
Classification part N
Call number suffix GAU
Holdings
Withdrawn status Lost status Damaged status Not for loan Home library Current library Date acquired Source of acquisition Cost, normal purchase price Total Checkouts Total Renewals Full call number Barcode Date last seen Date checked out Copy number Cost, replacement price Price effective from Koha item type Source of classification or shelving scheme Collection code
        Central Library Central Library 11/07/2015 Cen Lib/Ret 250.00 1 2 N GAU B-231342 28/06/2021 05/04/2021 1 250.00 11/07/2015 English Books    
        Shahdara Branch Shahdara Branch 28/07/2018 BPPD/PUB 250.00     N GAU B-231361 28/07/2018     250.00 28/07/2018 English Books Dewey Decimal Classification Fiction
        Yojana Vihar Yojana Vihar 21/09/2019 BPPD/PUB 250.00 5 4 N GAU B-231362 04/08/2022 04/08/2022   250.00 21/09/2019 English Books Dewey Decimal Classification Fiction

© Delhi Public Library
Hit Counter
free hit counter